000
00385nam a22001697a 4500
003
MPLRDC
005
20220104114341.0
008
210129b ||||| |||| 00| 0 eng d
082
_a
857.623 YG-3 v.15
100
_a
余过
245
_a
最后的化妆
_c
260
_a
_b
明窗出版社
_c
300
_b
平
490
_a
述异系列
650
_a
942
_c
BK
_o
857.623 YG-3 v.15
999
_c
6800
_d
6790